• 首页
  • 本馆介绍
  • 公告通知
  • 最新文献
  • 馆藏检索
  • 电子资源
  • 读者导购
  • 参考咨询
  • 我的图书馆
  • 登录
  • 详细信息显示
  • 放入我的书架
  • 预约/预借图书
  • 作者相关作品
  • 分类相关作品
  • 丛书相关作品
  • 出版社相关作品

书目信息

  • 表格格式
  • 工作单格式
  • 卡片格式
题名:
京剧流派
    
 
作者: 董维贤 著
分册:  
出版信息: 北京   文化艺术出版社  1981
页数: 311页
开本: 21cm
丛书名:
单 册:
中图分类: I232
科图分类:
主题词: 戏剧文学--剧本--中国 , 京剧--流派
电子资源:
ISBN:
000 00614nam0 2200241 45
001 0181009691
005 20060911170739.15
010    @dCNY1.60
091    @a8228.016
100    @a19950222d1981 em y0chiy0121 ea
101 0  @achi
102    @aCN@b110000
105    @af z 000yy
200 10 @a京剧流派@Ajing ju liu pai@f董维贤著
210    @a北京@c文化艺术出版社@d1981
215    @a311页@c照片@d21cm
606 0  @a戏剧文学@x剧本@x中国
606    @a京剧@x流派
690    @aI232
701  0 @a董维贤@Adong wei xian@4著
801  2 @aCN@bNLC@c20060911
801  0 @aCN@b上海图书馆@c20040416
905    @dI232@e36
    
    京剧流派/董维贤著.-北京:文化艺术出版社,1981
    311页:照片;21cm
    
    
    ISBN :CNY1.60
    
●
相关链接 在E读中查询图书 在五车中查询图书 在当当中查询图书 在豆瓣中查询图书


正题名:京剧流派     索取号:I232/36         预约/预借

序号 登录号 条形码 馆藏地/架位号 状态 备注
1 0056031   000765434   第二借阅区/ [索取号:I232/36] 在馆    
2 0056032   000765443   第一样本阅览室/ [索取号:I232/36] 在馆    
3 0474634   204746347   密集书库/ [索取号:I232/36] 在馆    
唐山师范学院图书馆 欢迎您!
大连网信软件有限公司© 版权所有